| 000 | 00451nam a22001697a 4500 | ||
|---|---|---|---|
| 003 | CEME | ||
| 005 | 20210628205201.0 | ||
| 008 | 210210b xxu||||| |||| 00| 0 eng d | ||
| 020 | _a0-07-084187-X | ||
| 040 | _c. | ||
| 082 | _a620.163 DIE'M | ||
| 245 | _aMechanical metallugy | ||
| 260 |
_aLONDON _bMCGRAW HILL _c1988 |
||
| 300 | _a751P | ||
| 650 |
_aMETAL & ALLOYS PHYSICAL METALLURGY STRENGTH OF MATERIALS ACC NO-31043 _974309 |
||
| 942 |
_cBK _2ddc |
||
| 999 |
_c579859 _d579859 |
||